Дело о преподавании в римско-католических семинариях как Империи, так и Царства Польского, русского языка и отечественной истори...

Доступно только в Электронных читальных залах Найти на картеНа карте
RUSMARC
00003729nmc2a22002413x 450
0012818f656-f505-4267-8b37-73e06d439a42
00520211209095807.0
100##$a20210726l18831888k l0rusy0189 ca
1010#$arus
102##$aRU
105##$ay###
1222#$ad
2001#$aДело о преподавании в римско-католических семинариях как Империи, так и Царства Польского, русского языка и отечественной истории
$j8 октября 1883 г. - 12 августа 1888 г.
215##$a58 л.
$d36,5х26 см
251##$cДело
300##$aДело
371##$aДокумент не является опубликованным и широко распространяемым
461#0$1001a74412a3-3cc5-4d21-8f0a-dfe2fbd9e72d
$12001
$aДепартамент народного просвещения Министерства народного просвещения (1803-1917)
$1251
$cФонд
$1852
$j733
462#0$1001b33464f2-4bc4-41e3-b4bc-525e855f0eb0
$12001
$aДела разряда общих дел Министерства народного просвещения
$1251
$cОпись
$1852
$j194
801#0$aRU
$bРГИА
$c20210726
$gRCR
801#1$aRU
$bГлавНИВЦ
$c20210726
$2rusmarc
801#2$aRU
$bПБ им. Б.Н. Ельцина
$c20211209
$gRCR
$2rusmarc
850##$aРГИА
852##$aРГИА
$eФедеральное казенное учреждение "Российский государственный исторический архив" (РГИА)
$j362
937##$hРГИА
$d12366086
$aASBIBLIO_SCAN
035##$aRusGRCC00033010
856##$uhttp://readingroom.main.prlib.ru/item.aspx?id_node=n171317847&mode=full
Формат отображения